Estadísticas para Municipios de la provincia de Ciudad Real

Haz click aquí para intentar la prueba.

Estadísticas generales

  • Esta prueba ha sido intentada 338 veces
  • La puntuación promedio es 31 de 102

Estadísticas de respuestas

Respuesta% Correcto
Ciudad Real
92%
Puertollano
85%
Valdepeñas
75%
Manzanares
74%
Tomelloso
74%
Alcázar de San Juan
72%
Daimiel
71%
Miguelturra
69%
Almagro
68%
Puerto Lápice
57%
Villarrubia de los Ojos
57%
Campo de Criptana
56%
La Solana
56%
Socuéllamos
53%
Almadén
52%
Malagón
52%
Villanueva de los Infantes
52%
Argamasilla de Alba
48%
Calzada de Calatrava
47%
Herencia
47%
Bolaños de Calatrava
46%
Ruidera
46%
Argamasilla de Calatrava
45%
Piedrabuena
42%
Pedro Muñoz
41%
Moral de Calatrava
40%
Porzuna
39%
Fuente el Fresno
38%
Poblete
38%
Almodóvar del Campo
37%
Carrión de Calatrava
37%
Membrilla
37%
Pozuelo de Calatrava
37%
Santa Cruz de Mudela
37%
Torralba de Calatrava
36%
Alhambra
34%
Viso del Marqués
34%
Aldea del Rey
32%
Almuradiel
32%
Fuencaliente
32%
San Carlos del Valle
32%
Arenas de San Juan
30%
Brazatortas
30%
Corral de Calatrava
30%
Fernán Caballero
30%
Villarta de San Juan
30%
Abenójar
28%
El Robledo
28%
Montiel
28%
Agudo
27%
Granátula de Calatrava
26%
Picón
26%
Puebla de Don Rodrigo
26%
Torre de Juan Abad
25%
Torrenueva
25%
Alcolea de Calatrava
24%
Castellar de Santiago
24%
Luciana
23%
Llanos del Caudillo
22%
Alcubillas
21%
Ballesteros de Calatrava
21%
Chillón
21%
Cózar
21%
Las Labores
21%
Villahermosa
21%
Los Cortijos
20%
Horcajo de los Montes
19%
Villamanrique
19%
Villanueva de la Fuente
18%
Alcoba
17%
Anchuras
17%
Arroba de los Montes
17%
Carrizosa
17%
Los Pozuelos de Calatrava
17%
Saceruela
17%
Cabezarados
16%
Arenales de San Gregorio
15%
Valenzuela de Calatrava
15%
Cabezarrubias del Puerto
14%
Fuenllana
14%
Mestanza
14%
Puebla del Príncipe
14%
Retuerta del Bullaque
14%
Almadenejos
13%
Almedina
13%
Alamillo
12%
Navalpino
12%
Terrinches
12%
Albadalejo
11%
Villanueva de San Carlos
11%
Guadalmez
10%
Santa Cruz de los Cáñamos
10%
Solana del Pino
10%
Villamayor de Calatrava
10%
Cañada de Calatrava
8%
Hinojosas de Calatrava
8%
Fontanarejo
7%
Caracuel de Calatrava
6%
Navas de Estena
6%
San Lorenzo de Calatrava
6%
Valdemanco del Esteras
6%
Villar del Pozo
6%

Distribución de puntuación

Porcentaje por número respondido

Porcentaje de gente con cada puntuación

Historial de tus puntuaciones

No has intentado esta prueba.